| 000 | 00509nam a22001457a 4500 | ||
|---|---|---|---|
| 003 | MACL | ||
| 005 | 20190601161449.0 | ||
| 008 | 190601b xxu||||| |||| 00| 0 eng d | ||
| 040 | _cMACL | ||
| 100 |
_aपाण्डेय,डॉ रंजना _975174 |
||
| 245 | _aरामचन्द्र शुक्ल की आलोचना दृष्टि | ||
| 260 |
_aवाराणसी _bभारती प्रकाशन _c2016 |
||
| 650 |
_aरचनावली _9163 |
||
| 942 |
_2ddc _cHIN |
||
| 999 |
_c59999 _d59999 |
||